Kỹ thuật vi xử lý và lập trình Assembly cho hệ vi xử lý

Сохранить в:
Библиографические подробности
Главный автор:  Đỗ, Xuân Tiến
Формат: Sách
Язык:Undetermined
Опубликовано:  Khoa học và Kỹ thuật  2012
Предметы:
Метки: Добавить метку
Нет меток, Требуется 1-ая метка записи!
Thư viện lưu trữ: Trung tâm Thư viện - Trường Đại học Công nghiệp TP. Hồ Chí Minh
LEADER 00560nam a2200157Ia 4500
001 UIH_04844
008 231011s9999 xx 000 0 und d
082 |a  621.3815 
100 |a  Đỗ, Xuân Tiến 
245 0 |a  Kỹ thuật vi xử lý và lập trình Assembly cho hệ vi xử lý 
245 0 |c  Đỗ, Xuân Tiến 
260 |b  Khoa học và Kỹ thuật 
260 |c  2012 
650 |a  Vi xử lý;  
927 |a Sách 
980 |a Trung tâm Thư viện - Trường Đại học Công nghiệp TP. Hồ Chí Minh